A gondolkodás tárgyáról. Alapvetés

Elmentve itt :
Bibliográfiai részletek
Szerző: Winkler Béla
Adatforrás:Philobibl
Dokumentumtípus: Könyv
Nyelv:magyar
Kulcsszavak:ismeretelmélet
Megjelent: Bp. Egyet. ny. 1935
LEADER 00328nam a2200121 c 4500
001 bibDOK00006708
005 20200924120247.2
008 060518s1935 hu hun
100 1 |a Winkler Béla 
245 1 2 |a A gondolkodás tárgyáról. Alapvetés  |c Winkler Béla 
260 |a Bp.  |b Egyet. ny.  |c 1935 
300 |a 44 p. 
695 |a ismeretelmélet